[Event "BPB Limburg open"]
[Site "Maastricht"]
[Date "2015.05.23"]
[Round "2"]
[White "Vrolijk, Liam"]
[Black "Lanchava, Tea"]
[Result "0-1"]
[WhiteElo "2045"]
[BlackElo "2250"]
[PlyCount "90"]
[EventDate "2015.05.22"]
[EventType "swiss"]
[EventRounds "7"]
[EventCountry "NED"]
[Source "P.Boonen"]
[SourceDate "2015.10.01"]

1. d4 g6 2. c4 Bg7 3. Nc3 d6 4. e4 c6 5. Be3 Nh6 6. f3 f6 7. Qd2 Nf7 8. Nge2 e5
9. d5 c5 10. g4 h5 11. gxh5 Rxh5 12. Ng3 Rh7 13. Bd3 Bh3 14. Rb1 Qd7 15. b4 b6
16. Bc2 Kf8 17. Ba4 Qe7 18. bxc5 dxc5 19. d6 Qxd6 20. Qd5 Qxd5 21. Nxd5 Na6 22.
Bb5 Nb4 23. Nxb4 cxb4 24. Kf2 f5 25. Bd2 a5 26. exf5 gxf5 27. Bc6 Rd8 28. Bd5
b5 29. Be3 bxc4 30. Bxc4 Bf6 31. Bb6 Rc8 32. Bb3 e4 33. fxe4 f4 34. Nf5 Ng5 35.
Rbe1 Rd7 36. Bxa5 Rd2+ 37. Re2 Nxe4+ 38. Kf3 Ng5+ 39. Kxf4 Rxe2 40. Bxb4+ Ke8
41. Nd6+ Kd7 42. Nxc8 Re4+ 43. Kg3 Be5+ 44. Kf2 Bd4+ 45. Kg3 Rg4# 0-1

[Event "BPB Limburg open"]
[Site "Maastricht"]
[Date "2015.05.23"]
[Round "2"]
[White "Vuilleumier, Alexandre"]
[Black "Overeem, Marc"]
[Result "1-0"]
[WhiteElo "2356"]
[BlackElo "2194"]
[PlyCount "49"]
[EventDate "2015.05.22"]
[EventType "swiss"]
[EventRounds "7"]
[EventCountry "NED"]
[Source "P.Boonen"]
[SourceDate "2015.10.01"]

1. e4 e5 2. Nf3 Nc6 3. Bb5 a6 4. Ba4 Nf6 5. O-O Be7 6. Re1 b5 7. Bb3 d6 8. c3
O-O 9. h3 Nb8 10. d4 Nbd7 11. Nbd2 Bb7 12. Bc2 Re8 13. Nf1 Bf8 14. Ng3 g6 15.
b3 Bg7 16. Bb2 c6 17. Qd2 Qc7 18. c4 bxc4 19. bxc4 exd4 20. Bxd4 Ne5 21. Nxe5
dxe5 22. Bc3 Rad8 23. Qe3 Nd7 24. Reb1 Bc8 25. Qe1 1-0

[Event "BPB Limburg open"]
[Site "Maastricht"]
[Date "2015.05.23"]
[Round "2"]
[White "Warmerdam, Max"]
[Black "Nauts, Patrick"]
[Result "1/2-1/2"]
[WhiteElo "2278"]
[BlackElo "2022"]
[PlyCount "77"]
[EventDate "2015.05.22"]
[EventType "swiss"]
[EventRounds "7"]
[EventCountry "NED"]
[Source "P.Boonen"]
[SourceDate "2015.10.01"]

1. e4 Nf6 2. e5 Nd5 3. d4 d6 4. c4 Nb6 5. f4 dxe5 6. fxe5 Bf5 7. Nc3 e6 8. Be3
Be7 9. Nf3 O-O 10. Be2 f6 11. exf6 Bxf6 12. O-O Nc6 13. h3 h6 14. Kh1 Qe7 15.
Qb3 a5 16. Nb5 a4 17. Qc3 Rac8 18. Bf4 Rfd8 19. Rad1 Rd7 20. a3 Ra8 21. Bd3
Bxd3 22. Rxd3 Na5 23. Nd2 c6 24. Nd6 c5 25. Nb5 Nc6 26. Nf3 Nxd4 27. Nfxd4 cxd4
28. Nxd4 Rad8 29. Be3 Rc8 30. b3 Nd5 31. Qd2 Nxe3 32. Qxe3 Rxd4 33. Rxd4 Bxd4
34. Qxd4 axb3 35. Qb6 Qc5 36. Qxe6+ Kh8 37. Rb1 Qxc4 38. Qxc4 Rxc4 39. Rxb3
1/2-1/2

[Event "BPB Limburg open"]
[Site "Maastricht"]
[Date "2015.05.23"]
[Round "2"]
[White "Weiler, Wolfgang"]
[Black "Halfhide, Sebastian"]
[Result "0-1"]
[WhiteElo "2121"]
[BlackElo "2136"]
[PlyCount "44"]
[EventDate "2015.05.22"]
[EventType "swiss"]
[EventRounds "7"]
[EventCountry "NED"]
[Source "P.Boonen"]
[SourceDate "2015.10.01"]

1. g3 e5 2. Bg2 Nc6 3. c4 g6 4. Nc3 Bg7 5. e4 Nge7 6. Nge2 O-O 7. d3 d6 8. O-O
f5 9. f4 fxe4 10. Nxe4 Nd4 11. Rb1 Bg4 12. N4c3 Nef5 13. Qd2 c6 14. Kh1 Qd7 15.
Qe1 Rae8 16. Nxd4 exd4 17. Ne4 Ne3 18. Bxe3 dxe3 19. Qxe3 d5 20. cxd5 cxd5 21.
Nc5 Rxe3 22. Nxd7 Bxd7 0-1

[Event "BPB Limburg open"]
[Site "Maastricht"]
[Date "2015.05.23"]
[Round "2"]
[White "Ypma, Peter"]
[Black "Lentjes, Noud"]
[Result "1/2-1/2"]
[WhiteElo "2260"]
[BlackElo "2091"]
[PlyCount "64"]
[EventDate "2015.05.22"]
[EventType "swiss"]
[EventRounds "7"]
[EventCountry "NED"]
[Source "P.Boonen"]
[SourceDate "2015.10.01"]

1. e4 e6 2. b3 c5 3. Bb2 Nc6 4. f4 Nf6 5. e5 Nd5 6. g3 d6 7. Nf3 dxe5 8. fxe5
b6 9. Nc3 Nxc3 10. Bxc3 Bb7 11. Bd3 Be7 12. Qe2 Qd7 13. O-O-O O-O-O 14. Rhf1
Kb8 15. Ba6 Nd4 16. Nxd4 cxd4 17. Bb2 Bxa6 18. Qxa6 f6 19. Rde1 f5 20. Rf4 Bc5
21. h4 Rhg8 22. Qc4 Qd5 23. Qxd5 Rxd5 24. b4 Bxb4 25. Rxd4 Rxd4 26. Bxd4 Bc5
27. Bxc5 bxc5 28. Re3 Rd8 29. Rb3+ Kc7 30. Ra3 Kb6 31. Rb3+ Kc6 32. Ra3 Kb6
1/2-1/2

[Event "BPB Limburg open"]
[Site "Maastricht"]
[Date "2015.05.23"]
[Round "2"]
[White "Zimmermann, Luc"]
[Black "Mengerink, Ynze"]
[Result "1/2-1/2"]
[WhiteElo "2113"]
[BlackElo "2146"]
[PlyCount "52"]
[EventDate "2015.05.22"]
[EventType "swiss"]
[EventRounds "7"]
[EventCountry "NED"]
[Source "P.Boonen"]
[SourceDate "2015.10.01"]

1. e4 c6 2. d4 d5 3. Nc3 dxe4 4. Nxe4 Bf5 5. Ng3 Bg6 6. N1e2 e5 7. dxe5 Qxd1+
8. Kxd1 Nd7 9. Nf4 Nxe5 10. Nxg6 O-O-O+ 11. Bd2 hxg6 12. f3 Nf6 13. Be2 Bc5 14.
Kc1 Rh4 15. c3 Nd5 16. Kc2 Ne3+ 17. Bxe3 Bxe3 18. Rad1 Rxd1 19. Kxd1 f5 20. Kc2
Rh8 21. Nf1 Bf2 22. Nd2 Re8 23. Nc4 Kc7 24. Nxe5 Rxe5 25. Bd3 g5 26. h3 Bg3
1/2-1/2

[Event "BPB Limburg open"]
[Site "Maastricht"]
[Date "2015.05.23"]
[Round "2"]
[White "Zult, Daan"]
[Black "Geurink, Jasper"]
[Result "1/2-1/2"]
[WhiteElo "2237"]
[BlackElo "2354"]
[PlyCount "84"]
[EventDate "2015.05.22"]
[EventType "swiss"]
[EventRounds "7"]
[EventCountry "NED"]
[Source "P.Boonen"]
[SourceDate "2015.10.01"]

1. c4 Nf6 2. g3 g6 3. Bg2 Bg7 4. Nc3 O-O 5. e4 Nc6 6. Nge2 e5 7. O-O a6 8. f4
d6 9. d3 Rb8 10. a4 Nd4 11. h3 c6 12. Nxd4 exd4 13. Ne2 b5 14. axb5 axb5 15. b3
bxc4 16. bxc4 Nd7 17. Qc2 Qb6 18. Ba3 c5 19. Rfb1 Qc7 20. Bc1 Rxb1 21. Qxb1 Nb8
22. f5 gxf5 23. Nf4 fxe4 24. Bxe4 Nc6 25. Nd5 Qd7 26. Bg2 Ne7 27. Nb6 Qe6 28.
Bg5 Nf5 29. Nxc8 Rxc8 30. Qb7 Rf8 31. g4 Qg6 32. Be4 Qxg5 33. Bxf5 Qe3+ 34. Kg2
Be5 35. Qf3 Rb8 36. Rf1 Kg7 37. Be4 f6 38. h4 Kh8 39. Rf2 Rb1 40. Bf5 Ra1 41.
Be4 Qc1 42. Rf1 Qxf1+ 1/2-1/2

[Event "BPB Limburg open"]
[Site "Maastricht"]
[Date "2015.05.23"]
[Round "3"]
[White "Bachaus, Sander"]
[Black "Coenen, Siegfried"]
[Result "1-0"]
[WhiteElo "1996"]
[BlackElo "2054"]
[PlyCount "51"]
[EventDate "2015.05.22"]
[EventType "swiss"]
[EventRounds "7"]
[EventCountry "NED"]
[Source "P.Boonen"]
[SourceDate "2015.10.01"]

1. e4 e5 2. Nf3 Nf6 3. Nc3 Nc6 4. Bb5 Nd4 5. Ba4 Bd6 6. O-O O-O 7. Re1 c6 8. d3
Ne6 9. d4 Qa5 10. dxe5 Bb4 11. exf6 Bxc3 12. bxc3 Qxa4 13. fxg7 Kxg7 14. Nh4 d5
15. Qh5 Kh8 16. Bh6 Ng7 17. Bxg7+ Kxg7 18. Qg5+ Kh8 19. Qf6+ Kg8 20. Re3 Re8
21. Rg3+ Kf8 22. Rg7 Re7 23. Rxh7 Ke8 24. Qd6 Kf8 25. Rh8+ Kg7 26. Qh6# 1-0

[Event "BPB Limburg open"]
[Site "Maastricht"]
[Date "2015.05.23"]
[Round "3"]
[White "Bauer, Christian"]
[Black "Schroer, Marcel"]
[Result "1-0"]
[WhiteElo "2624"]
[BlackElo "2186"]
[PlyCount "57"]
[EventDate "2015.05.22"]
[EventType "swiss"]
[EventRounds "7"]
[EventCountry "NED"]
[Source "P.Boonen"]
[SourceDate "2015.10.01"]

1. b4 e5 2. a3 d5 3. Bb2 Bd6 4. Nf3 Nd7 5. e3 Ngf6 6. d4 exd4 7. Nxd4 Ne5 8.
Nb5 O-O 9. Nd2 Re8 10. Nxd6 Qxd6 11. Be2 Bf5 12. O-O Rad8 13. Nf3 Nfg4 14. Nxe5
Nxe5 15. Qd4 Qg6 16. Qf4 Qe6 17. Qg3 f6 18. Rfc1 c6 19. Bd4 a6 20. Bb6 Rd7 21.
f3 Nf7 22. c4 d4 23. Bxd4 Rxd4 24. exd4 Qe3+ 25. Kh1 Qxd4 26. Re1 Ne5 27. Rad1
Qb2 28. f4 Ng6 29. Bd3 1-0

[Event "BPB Limburg open"]
[Site "Maastricht"]
[Date "2015.05.23"]
[Round "3"]
[White "Bhattacharjee, Sourav"]
[Black "Wecker, Martin"]
[Result "1-0"]
[WhiteElo "2042"]
[BlackElo "2122"]
[PlyCount "131"]
[EventDate "2015.05.22"]
[EventType "swiss"]
[EventRounds "7"]
[EventCountry "NED"]
[Source "P.Boonen"]
[SourceDate "2015.10.01"]

1. e4 c5 2. Nf3 e6 3. d3 Nc6 4. g3 b5 5. Bg2 Bb7 6. O-O d6 7. c3 Nf6 8. Re1 Qc7
9. Bf4 e5 10. Bg5 Be7 11. Na3 a6 12. Nc2 Nd7 13. Ne3 Qd8 14. Bxe7 Nxe7 15. Nh4
Nf6 16. Qe2 O-O 17. f4 Qc7 18. f5 Rfe8 19. g4 Nd7 20. g5 f6 21. Qh5 fxg5 22.
Qxg5 Nf6 23. Ng4 Rf8 24. Re3 Nc6 25. Rh3 Nxg4 26. Qxg4 Rf6 27. Kh1 Qf7 28. Nf3
h6 29. Nh4 Ne7 30. Bf3 Kh7 31. Rg1 Rg8 32. Qg5 Rf8 33. Qg2 Rg8 34. Qd2 d5 35.
Qe2 dxe4 36. dxe4 Qxa2 37. Bh5 Qc4 38. Qxc4 bxc4 39. Rhg3 Bxe4+ 40. Bf3 Bxf3+
41. Rxf3 Rd8 42. Rfg3 Rf7 43. Rg4 Rd2 44. Ng6 Nc6 45. f6 Rxf6 46. Nxe5 g5 47.
Nxc4 Re2 48. R4g2 Rff2 49. Rxf2 Rxf2 50. Re1 Kg6 51. Re6+ Rf6 52. Rxc6 Rxc6 53.
Ne5+ Kf5 54. Nxc6 Ke4 55. b4 cxb4 56. cxb4 Kd5 57. Nb8 Kc4 58. Nxa6 Kb5 59. Nb8
Kxb4 60. Nc6+ Kc5 61. Nd8 g4 62. Kg2 Kd5 63. Kg3 h5 64. Kf4 Kd4 65. Ne6+ Kd3
66. Ng7 1-0

[Event "BPB Limburg open"]
[Site "Maastricht"]
[Date "2015.05.23"]
[Round "3"]
[White "Boer, Alef"]
[Black "Harff, Wilfried"]
[Result "1/2-1/2"]
[WhiteElo "2180"]
[BlackElo "2163"]
[PlyCount "146"]
[EventDate "2015.05.22"]
[EventType "swiss"]
[EventRounds "7"]
[EventCountry "NED"]
[Source "P.Boonen"]
[SourceDate "2015.10.01"]

1. c4 e5 2. g3 Bc5 3. Nc3 Nf6 4. Nf3 Nc6 5. Bg2 O-O 6. O-O Re8 7. d3 h6 8. a3
a5 9. e3 d6 10. b3 Bf5 11. Bb2 Qd7 12. Rc1 e4 13. dxe4 Nxe4 14. Nxe4 Bxe4 15.
Ne1 Bxg2 16. Kxg2 Qe6 17. Qf3 Qg6 18. Rd1 Rab8 19. Nd3 Bb6 20. Rd2 Qe4 21. Rc1
Rbd8 22. Qxe4 Rxe4 23. Nf4 Ba7 24. Rd5 f6 25. Rb5 Bb6 26. Kf3 Ree8 27. Rd1 Na7
28. Rh5 Ra8 29. Nd5 Nc8 30. Bd4 c5 31. Bc3 Bd8 32. a4 Ra6 33. g4 Kf7 34. Rd3
Rc6 35. Ke2 b6 36. f4 Ne7 37. Kf3 Nxd5 38. Rhxd5 Be7 39. h4 g6 40. Rd1 Rg8 41.
Be1 Ke6 42. e4 Rf8 43. f5+ Kf7 44. Bg3 Rd8 45. fxg6+ Kxg6 46. Kf4 Rc7 47. h5+
Kf7 48. Kf5 Rcd7 49. Bf4 Bf8 50. e5 fxe5 51. Bxe5 Re8 52. Bxd6 Re3 53. Bxf8
Rxd5+ 54. Rxd5 Kxf8 55. Rd6 Rxb3 56. Rxh6 Kg7 57. Rc6 Rc3 58. g5 Rxc4 59. Rxb6
Rxa4 60. Rb7+ Kf8 61. h6 Kg8 62. Kg6 Rb4 63. Ra7 Rb6+ 64. Kf5 Rb8 65. Ke4 Rc8
66. Kd3 Rc6 67. Rg7+ Kh8 68. Kc4 a4 69. Kb5 Rc8 70. Ra7 c4 71. Rxa4 c3 72. Ra1
c2 73. Rc1 Kh7 1/2-1/2

[Event "BPB Limburg open"]
[Site "Maastricht"]
[Date "2015.05.23"]
[Round "3"]
[White "Bok, Benjamin"]
[Black "Commercon, Simon"]
[Result "1-0"]
[WhiteElo "2554"]
[BlackElo "2216"]
[PlyCount "51"]
[EventDate "2015.05.22"]
[EventType "swiss"]
[EventRounds "7"]
[EventCountry "NED"]
[Source "P.Boonen"]
[SourceDate "2015.10.01"]

1. e4 g6 2. d4 Bg7 3. Nf3 d6 4. Be2 Nf6 5. Nc3 c5 6. e5 Nfd7 7. exd6 exd6 8.
O-O O-O 9. Bg5 Nf6 10. dxc5 dxc5 11. Ne5 Qe7 12. Ng4 Bxg4 13. Bxg4 Qe5 14. Bxf6
Qxf6 15. Nd5 Qd6 16. Re1 Rd8 17. Bc8 Na6 18. Bxb7 Rab8 19. Ne7+ Kf8 20. Nc6 Qc7
21. Nxd8 Rxd8 22. Qf3 Nb4 23. Be4 Bxb2 24. Rab1 Qe5 25. a3 Na6 26. Bb7 1-0

[Event "BPB Limburg open"]
[Site "Maastricht"]
[Date "2015.05.23"]
[Round "3"]
[White "Boons, Patrick"]
[Black "Blom, Vincent"]
[Result "1/2-1/2"]
[WhiteElo "2024"]
[BlackElo "2243"]
[PlyCount "52"]
[EventDate "2015.05.22"]
[EventType "swiss"]
[EventRounds "7"]
[EventCountry "NED"]
[Source "P.Boonen"]
[SourceDate "2015.10.01"]

1. e4 c6 2. d4 d5 3. Nd2 dxe4 4. Nxe4 Bf5 5. Ng3 Bg6 6. N1e2 e6 7. Nf4 Bd6 8.
c3 Qb6 9. Qf3 Nf6 10. Bc4 Bxf4 11. Qxf4 O-O 12. O-O Nbd7 13. Re1 a5 14. Qf3 a4
15. Bd3 Bxd3 16. Qxd3 Qa6 17. Qc2 h6 18. Bf4 Rfd8 19. Rad1 Qc4 20. a3 Rdc8 21.
Ne4 Nxe4 22. Qxe4 Ra5 23. Bc1 Qd5 24. Qg4 Qf5 25. Qg3 Kh7 26. h3 Qd5 1/2-1/2

[Event "BPB Limburg open"]
[Site "Maastricht"]
[Date "2015.05.23"]
[Round "3"]
[White "Burg, Brent"]
[Black "Beeke, Bobby"]
[Result "1/2-1/2"]
[WhiteElo "2214"]
[BlackElo "2250"]
[PlyCount "104"]
[EventDate "2015.05.22"]
[EventType "swiss"]
[EventRounds "7"]
[EventCountry "NED"]
[Source "P.Boonen"]
[SourceDate "2015.10.01"]

1. Nf3 d5 2. c4 c6 3. g3 Nf6 4. Bg2 g6 5. O-O Bg7 6. d4 O-O 7. Nbd2 Ne4 8. e3
Nxd2 9. Nxd2 dxc4 10. Qc2 Be6 11. Nxc4 Bd5 12. Rd1 Bxg2 13. Kxg2 Nd7 14. b4 Nb6
15. Na5 Qd7 16. Bb2 Rac8 17. Kg1 h5 18. Rac1 h4 19. Qe4 hxg3 20. hxg3 Rc7 21.
a3 Rfc8 22. Qf3 Qe6 23. Rd2 Qa2 24. Qd1 Qd5 25. Ba1 Nd7 26. Qe2 b6 27. Nc4 Nf6
28. Rdc2 Ne4 29. Nd2 Nxd2 30. Qxd2 Bf6 31. Qe2 Qe4 32. Qf1 c5 33. bxc5 bxc5 34.
Rxc5 Rxc5 35. Rxc5 Rb8 36. Rb5 Rc8 37. Qb1 Qf3 38. Rb8 Rxb8 39. Qxb8+ Kg7 40.
Bc3 a6 41. Bb4 g5 42. Qc8 Qe2 43. Qb7 e5 44. dxe5 Bxe5 45. Qe4 f6 46. Kg2 Qb5
47. Qa8 Qc4 48. Qb7+ Kg6 49. Bf8 f5 50. Qd7 Qe4+ 51. Kh2 Bf6 52. Bb4 g4 1/2-1/2

[Event "BPB Limburg open"]
[Site "Maastricht"]
[Date "2015.05.23"]
[Round "3"]
[White "Burg, Twan"]
[Black "Nachbar, Benjamin"]
[Result "1-0"]
[WhiteElo "2507"]
[BlackElo "2173"]
[PlyCount "85"]
[EventDate "2015.05.22"]
[EventType "swiss"]
[EventRounds "7"]
[EventCountry "NED"]
[Source "P.Boonen"]
[SourceDate "2015.10.01"]

1. e4 d6 2. d4 Nf6 3. Nc3 e5 4. Nf3 Nbd7 5. Bc4 Be7 6. O-O O-O 7. a4 c6 8. a5
Rb8 9. Qe2 b5 10. axb6 axb6 11. d5 Bb7 12. Ra7 cxd5 13. exd5 Qc8 14. Be3 Ra8
15. Rfa1 Rxa7 16. Rxa7 Qb8 17. Nb5 Rd8 18. Qd1 Rc8 19. Ba2 Ng4 20. Bg5 Bxg5 21.
Nxg5 Ngf6 22. Nxf7 Ne8 23. Rxb7 Qxb7 24. Nfxd6 Nxd6 25. Nxd6 Qa6 26. Nxc8 Qxa2
27. b3 Qa3 28. d6 Qc5 29. Ne7+ Kf7 30. c4 Ke6 31. Qg4+ Kxd6 32. Nf5+ Kc7 33.
Nxg7 Qb4 34. Qd1 Nc5 35. Ne8+ Kc8 36. Nd6+ Kb8 37. Nb5 Kc8 38. h4 Nxb3 39. Qg4+
Kd8 40. Qg8+ Ke7 41. Qxh7+ Kf6 42. Nc7 Qxc4 43. Ne8+ 1-0

[Event "BPB Limburg open"]
[Site "Maastricht"]
[Date "2015.05.23"]
[Round "3"]
[White "Bus, Tom"]
[Black "Huesmann, Thomas"]
[Result "1/2-1/2"]
[WhiteElo "2111"]
[BlackElo "2224"]
[PlyCount "128"]
[EventDate "2015.05.22"]
[EventType "swiss"]
[EventRounds "7"]
[EventCountry "NED"]
[Source "P.Boonen"]
[SourceDate "2015.10.01"]

1. c4 f5 2. g3 Nf6 3. Bg2 g6 4. Nc3 Bg7 5. d3 d6 6. e4 fxe4 7. dxe4 e5 8. Nge2
O-O 9. O-O Be6 10. b3 Qd7 11. f3 c5 12. Be3 Nc6 13. Qd2 Nd4 14. Rad1 a6 15. Nd5
Bxd5 16. cxd5 Rac8 17. Kh1 Nxe2 18. Qxe2 b5 19. Rc1 a5 20. Rf2 a4 21. Qf1 Ra8
22. Bh3 Qb7 23. Be6+ Kh8 24. Qg2 axb3 25. axb3 Ra3 26. Rb2 Nh5 27. Qe2 Rfa8 28.
Kg2 b4 29. Kh3 Qe7 30. Rcc2 Bf6 31. Kg2 Ng7 32. Bh3 Ne8 33. Qb5 R3a7 34. Qd3
Ra5 35. Kg1 Nc7 36. Bf1 Nb5 37. Qd2 Nc3 38. Kg2 R5a7 39. Bc4 Rf8 40. Bh6 Bg7
41. Bg5 Qf7 42. Qd3 Ra1 43. Rc1 Rfa8 44. Rbc2 R8a2 45. Rxa1 Rxa1 46. Rc1 Qa7
47. Rxa1 Qxa1 48. Be7 Qa2+ 49. Kh1 Nb1 50. Bxd6 Nd2 51. Be7 Nxc4 52. Qxc4 Qf2
53. Bxc5 Qxf3+ 54. Kg1 Bh6 55. Bf2 Be3 56. Bxe3 Qxe3+ 57. Kg2 Qd2+ 58. Kf1 Qd1+
59. Kf2 Qd2+ 60. Qe2 Qd4+ 61. Kg2 Kg7 62. Qf3 Qd2+ 63. Kh3 Qh6+ 64. Kg2 Qd2+
1/2-1/2

[Event "BPB Limburg open"]
[Site "Maastricht"]
[Date "2015.05.23"]
[Round "3"]
[White "Coenen, Eduard"]
[Black "Keetman, Maaike"]
[Result "1-0"]
[WhiteElo "2129"]
[BlackElo "2194"]
[PlyCount "65"]
[EventDate "2015.05.22"]
[EventType "swiss"]
[EventRounds "7"]
[EventCountry "NED"]
[Source "P.Boonen"]
[SourceDate "2015.10.01"]

1. d4 Nf6 2. Nf3 g6 3. Bg5 Bg7 4. e3 O-O 5. Nbd2 d6 6. c3 Nc6 7. Bb5 Bd7 8. h4
Re8 9. Bc4 Na5 10. Bd3 e5 11. h5 c5 12. hxg6 fxg6 13. b4 cxb4 14. cxb4 Nc6 15.
Bc4+ Kh8 16. Bf7 exd4 17. Bxg6 dxe3 18. fxe3 Qb6 19. Bxf6 Qxe3+ 20. Kf1 Bxf6
21. Rxh7+ Kg8 22. Rxd7 Bxa1 23. Nc4 Qh6 24. Qd5+ Kh8 25. Rh7+ Qxh7 26. Bxh7
Kxh7 27. Nxd6 Re7 28. Nf5 Rd8 29. Qc4 Rd1+ 30. Kf2 Red7 31. Qe6 Nd8 32. Ng5+
Kh8 33. Qe8# 1-0

[Event "BPB Limburg open"]
[Site "Maastricht"]
[Date "2015.05.23"]
[Round "3"]
[White "Coenen, Michael"]
[Black "Beukema, Stefan"]
[Result "1-0"]
[WhiteElo "2428"]
[BlackElo "2347"]
[PlyCount "59"]
[EventDate "2015.05.22"]
[EventType "swiss"]
[EventRounds "7"]
[EventCountry "NED"]
[Source "P.Boonen"]
[SourceDate "2015.10.01"]

1. d4 f5 2. g3 Nf6 3. Bg2 g6 4. c4 Bg7 5. Nc3 O-O 6. Nh3 d6 7. d5 c6 8. O-O e5
9. dxe6 Bxe6 10. Qd3 Qe7 11. Bf4 Rd8 12. Rad1 Na6 13. Bxd6 Qe8 14. Qc2 Bxc4 15.
Rfe1 Bd5 16. Nxd5 Rxd6 17. Nxf6+ Rxf6 18. e4 Re6 19. Kf1 fxe4 20. Ng5 Re7 21.
Rxe4 Kh8 22. Rde1 Rxe4 23. Rxe4 Qd7 24. Rh4 h6 25. Bh3 Qd5 26. Qxg6 Qd1+ 27.
Kg2 Qd5+ 28. Nf3 Nc5 29. Bf5 Rf8 30. Qh7# 1-0

[Event "BPB Limburg open"]
[Site "Maastricht"]
[Date "2015.05.23"]
[Round "3"]
[White "Dardha, Arben"]
[Black "Kampman, Tijmen"]
[Result "0-1"]
[WhiteElo "2343"]
[BlackElo "2076"]
[PlyCount "94"]
[EventDate "2015.05.22"]
[EventType "swiss"]
[EventRounds "7"]
[EventCountry "NED"]
[Source "P.Boonen"]
[SourceDate "2015.10.01"]

1. e4 e6 2. d4 d5 3. exd5 exd5 4. Bd3 Nc6 5. Ne2 Bd6 6. Nbc3 Be6 7. Nb5 Bb4+ 8.
c3 Ba5 9. Nf4 Nf6 10. O-O O-O 11. Nh5 g6 12. Bg5 gxh5 13. Qf3 Kg7 14. Qf4 Rg8
15. Rae1 Nb8 16. Re3 Nbd7 17. Rg3 Kh8 18. Bh4 a6 19. Na3 Rg6 20. Bxg6 hxg6 21.
Rf3 Kg7 22. Bg5 Bg4 23. Re3 c6 24. Qg3 Bc7 25. Qh4 Qf8 26. h3 Be6 27. g4 Qd6
28. f4 Rh8 29. Bxf6+ Nxf6 30. g5 Ne4 31. Nc4 dxc4 32. Rxe4 Bf5 33. Re3 Rd8 34.
Qe1 c5 35. d5 Qxd5 36. Rf2 Qd1 37. Qxd1 Rxd1+ 38. Kg2 Bd6 39. h4 Kf8 40. Ree2
Rd3 41. a4 b5 42. axb5 axb5 43. Re1 b4 44. Rfe2 Bd7 45. Ra1 Bxf4 46. Ra7 Bh3+
47. Kg1 Rd1+ 0-1

[Event "BPB Limburg open"]
[Site "Maastricht"]
[Date "2015.05.23"]
[Round "3"]
[White "De Jong, Jan Willem"]
[Black "Goossens, Hanne"]
[Result "1-0"]
[WhiteElo "2457"]
[BlackElo "2215"]
[PlyCount "95"]
[EventDate "2015.05.22"]
[EventType "swiss"]
[EventRounds "7"]
[EventCountry "NED"]
[Source "P.Boonen"]
[SourceDate "2015.10.01"]

1. d4 Nf6 2. c4 e6 3. Nc3 Bb4 4. f3 c5 5. d5 exd5 6. cxd5 d6 7. e4 O-O 8. Nge2
Re8 9. Ng3 Nbd7 10. Be2 Nf8 11. O-O Ng6 12. Bd2 a6 13. Kh1 Bd7 14. a4 Rc8 15.
Nb1 Bxd2 16. Nxd2 Nf4 17. Nc4 Qc7 18. a5 Bb5 19. b3 Rb8 20. Qd2 Nxe2 21. Nxe2
Bxc4 22. bxc4 b5 23. axb6 Rxb6 24. Ng3 Reb8 25. Nf5 Ne8 26. f4 Rb2 27. Qe1 R8b6
28. h3 Qd7 29. Qg3 g6 30. Nh6+ Kg7 31. Qh4 Qb7 32. e5 Rb1 33. Kh2 Rxa1 34. Rxa1
Qd7 35. Re1 dxe5 36. fxe5 f6 37. Ng4 fxe5 38. Nxe5 Qc7 39. Qf4 Nf6 40. Nd3
Qxf4+ 41. Nxf4 Kf7 42. Ne6 Rb4 43. Ng5+ Kg7 44. Re7+ Kh6 45. Nf7+ Kg7 46. Ne5+
Kg8 47. Re6 Nh5 48. d6 1-0

[Event "BPB Limburg open"]
[Site "Maastricht"]
[Date "2015.05.23"]
[Round "3"]
[White "De Mey, Juan Pablo"]
[Black "Vreugdenhil, Frans"]
[Result "1-0"]
[WhiteElo "1969"]
[BlackElo "2009"]
[PlyCount "83"]
[EventDate "2015.05.22"]
[EventType "swiss"]
[EventRounds "7"]
[EventCountry "NED"]
[Source "P.Boonen"]
[SourceDate "2015.10.01"]

1. e4 e5 2. Nf3 Nc6 3. Bc4 Nf6 4. Ng5 Bc5 5. b4 d5 6. bxc5 dxc4 7. Nc3 Bg4 8.
f3 Bh5 9. Ne2 h6 10. Nh3 Nxe4 11. fxe4 Nd4 12. c3 Nxe2 13. Qa4+ c6 14. Qxc4
Qh4+ 15. Nf2 Qe7 16. g4 Bxg4 17. Nxg4 Qh4+ 18. Kxe2 Qxg4+ 19. Ke1 O-O-O 20. Qe2
Qh3 21. Rg1 Kb8 22. Rg3 Qh4 23. Kd1 Qe7 24. Qc4 Rd7 25. a4 Rhd8 26. Rb1 g6 27.
a5 Qh4 28. Qe2 Qe7 29. Qf2 a6 30. Rf3 Qe6 31. Rf6 Qg4+ 32. Qf3 Qg1+ 33. Kc2
Qxh2 34. Rd6 Kc7 35. Qf6 Qg3 36. Rb6 Rxd6 37. cxd6+ Rxd6 38. Qxf7+ Rd7 39.
Rxb7+ Kxb7 40. Qxd7+ Kb8 41. Qd8+ Kb7 42. Qb6+ 1-0

[Event "BPB Limburg open"]
[Site "Maastricht"]
[Date "2015.05.23"]
[Round "3"]
[White "Gerlagh, Joris"]
[Black "Van Laatum, Maarten"]
[Result "1-0"]
[WhiteElo "2163"]
[BlackElo "2023"]
[PlyCount "73"]
[EventDate "2015.05.22"]
[EventType "swiss"]
[EventRounds "7"]
[EventCountry "NED"]
[Source "P.Boonen"]
[SourceDate "2015.10.01"]

1. d4 d5 2. c4 c6 3. Nf3 Nf6 4. g3 g6 5. Bg2 Bg7 6. O-O O-O 7. cxd5 cxd5 8. Qb3
e6 9. Nc3 Nc6 10. Bf4 a6 11. Rac1 Nd7 12. Rfd1 Qb6 13. Qxb6 Nxb6 14. b3 Re8 15.
Bc7 Nd7 16. e3 Bf8 17. e4 Ba3 18. Rc2 Nb4 19. Re2 dxe4 20. Nxe4 Nd5 21. Ba5 b6
22. Be1 Bb7 23. Ne5 Rad8 24. Nc4 Bf8 25. Ncd6 Ba8 26. Nxe8 Rxe8 27. Rc2 f5 28.
Nc3 N7f6 29. Nxd5 Nxd5 30. Rdc1 Bb7 31. Bxd5 Bxd5 32. Rc8 Kf7 33. Rxe8 Kxe8 34.
Rc8+ Kf7 35. Rb8 b5 36. Rb6 Bg7 37. Bc3 1-0

[Event "BPB Limburg open"]
[Site "Maastricht"]
[Date "2015.05.23"]
[Round "3"]
[White "Geurink, Jasper"]
[Black "Haast, Anne"]
[Result "0-1"]
[WhiteElo "2354"]
[BlackElo "2352"]
[PlyCount "66"]
[EventDate "2015.05.22"]
[EventType "swiss"]
[EventRounds "7"]
[EventCountry "NED"]
[Source "P.Boonen"]
[SourceDate "2015.10.01"]

1. e4 c5 2. Nf3 e6 3. d3 Nc6 4. g3 d5 5. Nbd2 g6 6. Bg2 Bg7 7. O-O Nf6 8. exd5
Nxd5 9. Nb3 b6 10. d4 c4 11. Nbd2 c3 12. Ne4 O-O 13. Nxc3 Nxc3 14. bxc3 Ba6 15.
Re1 Rc8 16. h4 Na5 17. Bd2 Qc7 18. Qc1 Rfd8 19. h5 Bb7 20. hxg6 hxg6 21. Rb1
Bd5 22. a3 Nc4 23. Bg5 Rd7 24. Ra1 Nd6 25. Ne5 Bxg2 26. Kxg2 Qb7+ 27. Kg1 Rdc7
28. Qf4 Rxc3 29. Ng4 Nf5 30. Nf6+ Bxf6 31. Bxf6 Rf3 32. Qg4 Rxc2 33. d5 Rfxf2
0-1

[Event "BPB Limburg open"]
[Site "Maastricht"]
[Date "2015.05.23"]
[Round "3"]
[White "Goudriaan, Etienne"]
[Black "Serbu, Eli"]
[Result "1-0"]
[WhiteElo "2372"]
[BlackElo "2102"]
[PlyCount "41"]
[EventDate "2015.05.22"]
[EventType "swiss"]
[EventRounds "7"]
[EventCountry "NED"]
[Source "P.Boonen"]
[SourceDate "2015.10.01"]

1. e4 c5 2. Nf3 e6 3. d4 cxd4 4. Nxd4 Nc6 5. Nc3 Qc7 6. Be3 a6 7. Qf3 Nf6 8.
O-O-O Bb4 9. Nxc6 bxc6 10. Bd4 Be7 11. e5 Nd5 12. Nxd5 cxd5 13. Qg4 Bf8 14. f4
a5 15. f5 Ba6 16. Kb1 Bxf1 17. Rhxf1 Rc8 18. Rf2 Rg8 19. Rd3 Bc5 20. Rc3 Qb6
21. Bxc5 1-0